Online Catalogue and eLibrary

Land and forestry (Record no. 2723)

MARC details
000 -LEADER
fixed length control field 00468nam a2200193Ia 4500
005 - DATE AND TIME OF LATEST TRANSACTION
control field 20240610025718.0
008 - FIXED-LENGTH DATA ELEMENTS--GENERAL INFORMATION
fixed length control field 240331s9999 xx 000 0 und d
020 ## - INTERNATIONAL STANDARD BOOK NUMBER
ISBN 9559621009
082 ## - DDC Classification
Item Number - Author Mark WIC
Class No. 331
100 ## - MAIN ENTRY--PERSONAL NAME
Personal name Wickremasinghe, Anoja
245 #0 - TITLE STATEMENT
Title Land and forestry
Statement of responsibility, etc. Anoja, Wickramasinghe
250 ## - EDITION STATEMENT
Edition statement 1 st
260 ## - PUBLICATION, DISTRIBUTION, ETC.
Place of publication, distribution, etc. Peradeniya
Name of publisher, distributor, etc. CORRENSA
Date of publication, distribution, etc. 1997
300 ## - PHYSICAL DESCRIPTION
Extent (e.g. Volumes, Pages etc.) xiii, 189 p .,
650 ## - SUBJECT ADDED ENTRY--TOPICAL TERM
Topical term or geographic name entry element Woman
650 ## - SUBJECT ADDED ENTRY--TOPICAL TERM
Topical term or geographic name entry element Development
650 ## - SUBJECT ADDED ENTRY--TOPICAL TERM
Topical term or geographic name entry element Gender
942 ## - Koha item type (Biblio)
Koha item type Books in Stacks (Lending)
Holdings
Lost status Damaged status Collection code Home library Current library Shelving location Date acquired Full call number Accession Number Item type
    Lending WERC Library WERC Library Social Science Cupboard 03/31/2024 331.6 WIC 5592 Books in Stacks (Lending)

© WERC Library